000 00390nam a2200157Ia 4500
003 0STCL
008 150530s9999 xx 000 0 und d
040 _aSTCL
_cSTCL
100 _aHarold Kassarjian, H.; Thomas Robertson, S.
245 _aPerspectives in consumer behaviour
260 _bScott
_c1968
546 _aEnglish
942 _2ddc
_cBK
999 _c11846
_d11846
005 20220125165614.0